00946naa#a2200181#i#4500001002300000005001700023011001400040100004100054102000700095200023900102210016900341215001000510608004500520675013000565700003000695700002400725856001500749RU\INFRA-M\bibl\11427620260501200837.5##a2587-9111##a20260202b2026####ek#y0rusy0150####ca##aRU1#aЖилищное строительство в Российской Федерации: факторы и тенденции развития отрасли в современных условияхeЖурнальная статья1#aМоскваcОбщество с ограниченной ответственностью «Научно-издательский центр ИНФРА-М»d2026##a7 с.##aЖурнальная статья2local##aПолитик жилищного строительства как часть социальной политики. 332.821#1aСорокинаgН. Ю.#1aРыжовgА. А.4#anaukaru.ru